[Event "Istanbul op-B"]
[Site "Istanbul"]
[Date "2018.09.08"]
[Round "9"]
[White "Koc, Deniz"]
[Black "Yildiz, Erhan"]
[Result "1-0"]
[WhiteElo "1540"]
[BlackElo "1777"]
[PlyCount "91"]
[EventDate "2018.09.02"]
[EventType "swiss"]
[EventRounds "9"]
[EventCountry "TUR"]
[SourceTitle "CBM 186 Extra"]
[Source "ChessBase"]
[SourceDate "2018.08.24"]
[SourceVersion "1"]
[SourceVersionDate "2018.08.24"]
[SourceQuality "1"]

1. e4 e5 2. Nc3 Nc6 3. Bc4 Nf6 4. d3 Bc5 5. f4 d6 6. h3 Na5 7. Bb3 Nxb3 8. axb3 c6 9. Qf3 Qb6 10. Na4 Qa5+ 11. Bd2 Bb4 12. c3 b5 13. cxb4 Qa6 14. fxe5 dxe5 15. Qg3 0-0 16. Bh6 Ne8 17. Be3 f6 18. Ne2 bxa4 19. Bc5 Rf7 20. 0-0 Be6 21. bxa4 Rd7 22. Ra3 Rad8 23. Nc1 Qb7 24. Rf3 Kh8 25. Nb3 Nc7 26. Na5 Qa6 27. Kh2 Ne8 28. Qe1 Nd6 29. Qc3 Rc8 30. Qc2 Nf7 31. Rc3 Rdc7 32. Rf1 Kg8 33. Rc1 Nd8 34. Qd2 Nb7 35. Nxb7 Qxb7 36. Qc2 Rd7 37. Bf2 Qxb4 38. Rxc6 Rxc6 39. Qxc6 Kf7 40. Rc2 f5 41. exf5 Qf4+ 42. Bg3 Qxf5 43. Rf2 Rxd3 44. Rxf5+ Bxf5 45. Bxe5 g5 46. Qf6+ 1-0